Analýza struktury studujících na středních a vysokých školách a veděckých pracovníků v ČSSR, jejich příprava a výhled do roku 2010

Salvato in:
Dettagli Bibliografici
Autore principale: Samek, Milan
Natura: Libro
Lingua:ceco
Pubblicazione: Praha Ústředí vědeckých, technických a ekonomických informací 1986
Edizione:1. vyd.
Tags: Aggiungi Tag
Nessun Tag, puoi essere il primo ad aggiungerne!!

MARC

LEADER 00000nam a2200000 4500
001 c029853
005 20250926121431.8
041 0 |a cze 
044 |a CZ 
245 1 0 |a Analýza struktury studujících na středních a vysokých školách a veděckých pracovníků v ČSSR, jejich příprava a výhled do roku 2010  |c Milan Samek 
250 |a 1. vyd. 
264 1 |a Praha  |b Ústředí vědeckých, technických a ekonomických informací  |c 1986 
300 |a 63 s. 
100 1 |a Samek, Milan